| 000 | 01138cam a2200349ua 4500 | ||
|---|---|---|---|
| 001 | 4458070 | ||
| 003 | ARRUPE | ||
| 005 | 20161128114826.0 | ||
| 008 | 861112s1938 enk b 001 0 eng | ||
| 010 | _a39007607 //r852 | ||
| 035 | _a(OCoLC)222150638 | ||
| 035 | _a(OCoLC)ocn222150638 | ||
| 035 | _a(NNC)4458070 | ||
| 040 |
_cMNtcA _dNNUT |
||
| 050 | 0 |
_aBV4817 _b.B8 1938 |
|
| 090 |
_aBV4817 _b.B8 1938 |
||
| 100 | 1 |
_aBurnaby, John. _927590 |
|
| 245 | 1 | 0 |
_aAmor Dei : _ba study of the religion of St. Augustine / _cby John Burnaby. |
| 260 |
_aLondon : _bHodder & Stoughton, _c1938. |
||
| 300 |
_axi, 338 p. ; _c23 cm. |
||
| 500 | _a"The Hulsean Lectures for 1938." | ||
| 500 | _a"Errata" slip inserted between p. [iv] and v. | ||
| 500 | _aIncludes indexes. | ||
| 504 | _aBibliography: p. 321-322. | ||
| 600 | 0 | 0 |
_aAugustine, _cSaint, Bishop of Hippo. _927591 |
| 600 | 0 | 0 |
_aAugustine, _cSaint, Bishop of Hippo _xViews on love. _927592 |
| 650 | 0 |
_aLove _xReligious aspects _xChristianity _xHistory. _927593 |
|
| 650 | 0 |
_aGod _927594 |
|
| 830 | 0 |
_aHulsean lectures ; _v1938. _927595 |
|
| 942 |
_2lcc _cMONOGRAPH |
||
| 999 |
_c125771 _d125771 |
||